000 00454nam a2200193Ia 4500
005 20240823010801.0
008 240823s9999||||xx |||||||||||||| ||und||
041 _aENGLISH
082 _A658.0092273 N8
100 _a"Waen, Daniel"
245 0 _aManagement Innovators
250 _a1st
260 _b"Oxford,New"
500 _aYES
650 _aManagement
_bManagement Studies
700 _a Greenwood Ronald G
942 _cBK
999 _c159635
_d159635